000 00878nam a22002775i 4500
001 015616986
003 EG-ScBUE
005 20260311102130.0
008 080902t2016 nyua f b 001 0 eng d
020 _a9781681171500
040 _aEG-ScBUE
_beng
_erda
_cEG-ScBUE
_dEG-ScBUE
082 0 4 _a553.28
_bPET
_222
245 0 0 _aPetroleum geosciences /
_ceditor, Raju Apte.
264 1 _aValley Cottage, New York :
_bSCITUS Academics LLC,
_c[2016]
264 4 _cc2016
300 _avi, 250 pages :
_billustrations ;
_c18 cm
336 _2rdacontent
_atext
_btxt
337 _aunmediated
_2rdamedia
_bn
338 _avolume
_bnc
_2rdacarrier
504 _aIncludes bibliographical references and index.
650 7 _aPetroleum
_xGeology.
_2BUEsh
_92225
653 _bENGPET
_cDecember2016
655 _vReading book
700 1 _941757
_aApte, Raju,
_eeditor.
942 _2ddc
_cBB
999 _c23722
_d23694